Alerta 2008! informe sobre conflictos, derechos humanos y construcción de paz (Registro nro. 57457)
[ vista simple ]
| 000 -ENCABEZADO | |
|---|---|
| Número de control [NR] | 01047nam a2200253Ia 4500 |
| 008 - DE LONGITUD FIJA DE DATOS DE ELEMENTOS - INFORMACIÓN GENERAL | |
| Elementos de longitud fija [NR] | 130821s2008 sp gr spa |
| 020 ## - NUMERO INTERNACIONAL NORMALIZADO PARA LIBROS [R] | |
| Número Internacional Normalizado del libro [NR] | 8474269789 |
| 040 ## - FUENTE DE CATALOGACION [NR] | |
| Agencia de catalogación original [NR] | Co-BoUCM |
| Idioma de catalogación [NR] | spa |
| 041 00 - CODIGO DE IDIOMA [R] | |
| Código de idioma para texto/pista de sonido o título separado [R] | Español |
| 245 10 - MENCION DE TITULO [NR] | |
| Título [NR] | Alerta 2008! informe sobre conflictos, derechos humanos y construcción de paz |
| Mención de responsabilidad, etc. [NR] | María Cañadas Francesch...[et. al] |
| 246 ## - FORMA VARIANTE DEL TITULO [R] | |
| Título propiamente dicho/forma breve del título [NR] | Informe sobre conflictos, derechos humanos y construcción de paz |
| 260 ## - PUBLICACION, DISTRIBUCION, ETC. (PIE DE IMPRENTA) [R] | |
| Lugar de publicación, distribución, etc. [R] | Barcelona (España) |
| Nombre del editor, distribuidor, etc. [R] | Escola de Cultura de Pau Icaria Editorial |
| Fecha de publicación, distribución, etc. [R] | 2008 |
| 300 ## - DESCRIPCION FISICA [R] | |
| Extensión [R] | 205 páginas |
| 504 ## - NOTA DE BIBLIOGRAFIA, ETC. [R] | |
| Nota de bibliografía, etc. [NR] | Incluye referencias bibliográficas |
| 650 04 - ASIENTO SECUNDARIO DE MATERIA - TERMINO TEMATICO [R] | |
| Término temático o nombre geográfico como elemento de entrada [NR] | Conflicto armado |
| Subdivisión cronológica [R] | 2008 |
| Subdivisión de forma [R] | Informes |
| 9 (RLIN) | 11564 |
| 650 04 - ASIENTO SECUNDARIO DE MATERIA - TERMINO TEMATICO [R] | |
| Término temático o nombre geográfico como elemento de entrada [NR] | Derechos humanos |
| Subdivisión cronológica [R] | 2008 |
| Subdivisión de forma [R] | Informes |
| 9 (RLIN) | 7499 |
| 650 04 - ASIENTO SECUNDARIO DE MATERIA - TERMINO TEMATICO [R] | |
| Término temático o nombre geográfico como elemento de entrada [NR] | Paz |
| Subdivisión cronológica [R] | 2008 |
| Subdivisión de forma [R] | Informes |
| 9 (RLIN) | 21202 |
| 650 04 - ASIENTO SECUNDARIO DE MATERIA - TERMINO TEMATICO [R] | |
| Término temático o nombre geográfico como elemento de entrada [NR] | Problemas sociales |
| 9 (RLIN) | 22324 |
| 650 04 - ASIENTO SECUNDARIO DE MATERIA - TERMINO TEMATICO [R] | |
| Término temático o nombre geográfico como elemento de entrada [NR] | Violencia |
| Subdivisión cronológica [R] | 2008 |
| Subdivisión de forma [R] | Informes |
| 9 (RLIN) | 422 |
| 700 1# - ASIENTO SECUNDARIO - NOMBRE PERSONAL [R] | |
| Nombre personal [NR] | Cañadas Francesch, María |
| 9 (RLIN) | 164403 |
| 710 ## - ASIENTO SECUNDARIO - NOMBRE CORPORATIVO [R] | |
| Nombre corporativo o de jurisdicción como elemento de entrada [NR] | Universitat Autònoma de Barcelona. |
| Unidad subordinada [R] | Escola de Cultura de Pau. ECP |
| 9 (RLIN) | 164404 |
| 942 ## - ELEMENTOS DE ENTRADA AGREGADOS (KOHA) | |
| Tipo de ítem principal el descrito en 300a | Libro |
| Tema principal | Sociología |
| Edición | 1 |
| Parte restante de la signatura top. | A369 |
| Sistema de clasificación | DEWEY |
| Clasificación | 303.6 |
| Fecha de último préstamo | Total préstamos | Signatura topográfica | Código de barras | Última vez visto | Ejemplar | Price effective from | Tipo de ítem | Perdido | Sistema de clasificación | Dañado | No prestable | Tipo de ítem específico | Suprimido | Ubicación habitual | Ubicación actual | Localización | Fecha de creación | Forma de adquisición | Costo |
|---|---|---|---|---|---|---|---|---|---|---|---|---|---|---|---|---|---|---|---|
| 29/09/2014 | 5 | 303.6 A369 | 100093613 | 09/12/2025 | Ej.1 | 03/02/2013 | Libro | DEWEY | Libro | Claustro | Claustro | 2do piso | 19/02/2013 | Compra | 69400.00 |